00432nam a2200121Ia 4500008004100000245010000041260002400141260000900165300000800174650002300182650001200205856009300217170516s9999 xx 000 0 und d aPhase-contrast MRI volume flow – a comparison of breath held and navigator based acquisitions bBMC Medical Imaging c2016 a16: xMedical Technology xMedtech uhttp://bmcmedimaging.biomedcentral.com/articles?query=&volume=16&searchType=&tab=keyword